Air war against Germany and Italy, 1939-1943 / (Record no. 24971)
[ view plain ]
| 000 -LEADER | |
|---|---|
| fixed length control field | 00925cam a22002771 4500 |
| 001 - CONTROL NUMBER | |
| control field | 24971 |
| 003 - CONTROL NUMBER IDENTIFIER | |
| rucl marc code | BD-RjUL |
| 005 - DATE AND TIME OF LATEST TRANSACTION | |
| control field | 20211209050819.0 |
| 008 - FIXED-LENGTH DATA ELEMENTS--GENERAL INFORMATION | |
| fixed length control field | 140315s1954 at abc 001 0 eng |
| 035 ## - SYSTEM CONTROL NUMBER | |
| System control number | (BD-RjUL)25040 |
| System control number | (OCoLC)3633363 |
| 040 ## - CATALOGING SOURCE | |
| Original cataloging agency | DLC |
| Transcribing agency | GEU |
| Modifying agency | OCoLC |
| -- | DLC |
| Language of cataloging | eng |
| 041 ## - LANGUAGE CODE | |
| Language code of text/sound track or separate title | eng |
| 082 ## - DEWEY DECIMAL CLASSIFICATION NUMBER | |
| Classification number | 940.5394 |
| Author mark and year | HEA 1954 |
| 100 1# - MAIN ENTRY--PERSONAL NAME | |
| Personal name | Herington, John. |
| 9 (RLIN) | 76811 |
| 245 10 - TITLE STATEMENT | |
| Title | Air war against Germany and Italy, 1939-1943 / |
| Statement of responsibility, etc. | John Herington |
| Number of part/section of a work | V-3 |
| 260 ## - PUBLICATION, DISTRIBUTION, ETC. (IMPRINT) | |
| Place of publication, distribution, etc. | Canberra : |
| Name of publisher, distributor, etc. | Australian War Memorial, |
| Date of publication, distribution, etc. | 1954 |
| 300 ## - PHYSICAL DESCRIPTION | |
| Pagination | xvii, 731 p., : |
| Illustrations | illus., group ports., maps (part col.) ; |
| Size | 24 cm. |
| 504 ## - BIBLIOGRAPHY, ETC. NOTE | |
| Bibliography, etc | Includes index |
| 650 #0 - SUBJECT ADDED ENTRY--TOPICAL TERM | |
| Topical term or geographic name as entry element | World War, 1939-1945 |
| General subdivision | Aerial operations. |
| 9 (RLIN) | 76813 |
| Topical term or geographic name as entry element | World War, 1939-1945 |
| Geographic subdivision | Australia. |
| 9 (RLIN) | 74854 |
| 942 ## - ADDED ENTRY ELEMENTS (KOHA) | |
| Source of classification or shelving scheme | Dewey Decimal Classification |
| Koha item type | Books |
| Lost status | Source of classification or shelving scheme | Damaged status | Not for loan | Collection code | Permanent Location | Current Location | Shelving location | Date acquired | Source of acquisition | Cost, normal purchase price | Total Checkouts | Full call number | Date last seen | Copy number | Koha item type |
|---|---|---|---|---|---|---|---|---|---|---|---|---|---|---|---|
| Dewey Decimal Classification | Added to bundle | Non-fiction | Central Library, University of Rajshahi | Central Library, University of Rajshahi | Reading Room | 18/03/1959 | COLOMBO PLAN | 0.00 | 940.5394 HEA V-3 1954 | 15/03/2014 | C-1 | Books |